header

The urban poor in Latin America (Record no. 52077)

MARC details
000 -LEADER
fixed length control field 01260nam a22003374a 4500
082 04 - DEWEY DECIMAL CLASSIFICATION NUMBER
Classification number 362.5/098/091732
245 04 - TITLE STATEMENT
Title The urban poor in Latin America
260 ## - PUBLICATION, DISTRIBUTION, ETC. (IMPRINT)
Place of publication Washington, D.C. :
Name of publisher World Bank,
Year of publication c2005.
300 ## - PHYSICAL DESCRIPTION
Number of Pages xiii, 266 p. :
Other physical details ill.
490 1# - SERIES STATEMENT
Series statement Directions in development
650 #0 - SUBJECT ADDED ENTRY--TOPICAL TERM
Topical Term Urban poor
700 1# - ADDED ENTRY--PERSONAL NAME
Personal name Fay, Marianne.
856 40 - ELECTRONIC LOCATION AND ACCESS
Uniform Resource Identifier http://site.ebrary.com/lib/rucke/Doc?id=10089216

No items available.

© 2026 Rongo University
Contact us: librarian | system librarian | Rongo university